Computer crime techniques prevention

Bibliographic Details
Main Authors: Wold, Geoffery H. (Author), Shriver, Robert F. (Author)
Format: Book
Language:English
Published: Rolling Meadows, Illinois : Bankers Publishing 1989
Subjects:

MARC

LEADER 00000cam a2200000 7i4500
001 0000001175
005 20240924.0
008 991125 ilu a eng
020 |a 155520161x 
040 |a INS   |b eng   |e rda 
090 0 0 |a HV6773.C65   |b .W852 1989 
100 1 |a Wold, Geoffery H. ,   |e author 
245 1 0 |a Computer crime techniques prevention   |c Geoffrey H. Wold and Robert F. Shriver 
264 1 |a Rolling Meadows, Illinois :   |b Bankers Publishing   |c 1989 
300 |a xiiii, 254 pages :   |b illustrations ;   |c 26 cm. 
336 |a text  |2 rdacontent 
337 |a unmediated  |2 rdamedia 
338 |a volume  |2 rdacarrier 
650 0 |a Computer crime 
700 1 |a Shriver, Robert F. ,   |e author 
999 |a 0000004078   |b BOOK   |c Open Shelf   |e Default branch